| 000 | 00515nam a2200193Ia 4500 | ||
|---|---|---|---|
| 005 | 20260120131823.0 | ||
| 008 | 008 260114s9999 xx 000 0 eng d | ||
| 020 | _a9780197738566 | ||
| 037 | _aEBOOK | ||
| 040 |
_aCRL _beng _cCRL |
||
| 041 |
_aeng _2eng |
||
| 084 | _qCRL | ||
| 100 |
_aDel _9931595 |
||
| 245 | 0 | _aChrist and the Spirit | |
| 260 |
_bOxford University PressOxford University Press _c2023 |
||
| 856 | _uhttps://academic.oup.com/book/49513 | ||
| 942 | _cEBOOK | ||
| 999 |
_c1523517 _d1523517 |
||